Razones del fracaso del combate internacional a las drogas: alternativas /
Gardado en:
| Autor Principal: | |
|---|---|
| Formato: | Texto |
| Materias: | |
| Etiquetas: |
Engadir etiqueta
Sen Etiquetas, Sexa o primeiro en etiquetar este rexistro!
|
MARC
| LEADER | 00000 a a2200000 04500 | ||
|---|---|---|---|
| 001 | 3784 | ||
| 003 | |||
| 040 | |||
| 100 | |a Ambos, Kai | ||
| 245 | |a Razones del fracaso del combate internacional a las drogas: |b alternativas / |c Kai Ambos | ||
| 650 | |a PROBLEMAS SOCIALES | ||
| 650 | |a DROGAS DE USO INDEBIDO | ||
| 650 | |a TRAFICO DE DROGAS | ||
| 773 | |g volumen 14, número 3 (55); páginas 137-162 | ||
| 999 | |c 36919 |d 36919 | ||
